Genus phytophthora: Diagnoses or descriptions and figures from the original papers (Record no. 20231)

MARC details
000 -LEADER
fixed length control field 00455nam a2200145Ia 4500
082 ## - DEWEY DECIMAL CLASSIFICATION NUMBER
Classification number 582.281
Item number WAT
245 #0 - TITLE STATEMENT
Title Genus phytophthora: Diagnoses or descriptions and figures from the original papers
260 ## - PUBLICATION, DISTRIBUTION, ETC. (IMPRINT)
Place of publication Kew
Name of publisher Commonwealth Mycological Inst
Year of publication 1956
490 ## - SERIES STATEMENT
Series statement Miscellaneous publication; 12
650 ## - SUBJECT ADDED ENTRY--TOPICAL TERM
Topical Term Phytophthora diagnoses
700 ## - ADDED ENTRY--PERSONAL NAME
Personal name Comp.
700 ## - ADDED ENTRY--PERSONAL NAME
Personal name WATERHOUSE, Grace M
942 ## - ADDED ENTRY ELEMENTS (KOHA)
Koha item type Books
Holdings
Withdrawn status Lost status Damaged status Not for loan Home library Current library Date acquired Full call number Accession Number Koha item type
        RRII Library RRII Library 16/12/2021 582.281 WAT 00959 Books